[Event "Florianopolis op"]
[Site "Florianopolis"]
[Date "2015.01.16"]
[Round "5"]
[White "Da Silva, Wagner Afonso"]
[Black "Rippel Junior, Jair"]
[Result "1/2-1/2"]
[WhiteElo "1920"]
[BlackElo "2058"]
[PlyCount "112"]
[EventDate "2015.01.14"]
[EventType "swiss"]
[EventRounds "10"]
[EventCountry "BRA"]
[SourceTitle "CBM 164 Extra"]
[Source "ChessBase"]
[SourceDate "2015.03.02"]
[SourceVersion "1"]
[SourceVersionDate "2015.03.02"]
[SourceQuality "1"]

1. e4 b6 2. Nc3 Bb7 3. d4 e6 4. Nf3 Bb4 5. Bd3 Nf6 6. Qe2 d5 7. e5 Ne4 8. Bd2 Nxd2 9. Qxd2 Nd7 10. a3 Be7 11. Ne2 c5 12. c3 Qc8 13. Ng3 Ba6 14. b4 Bxd3 15. Qxd3 cxd4 16. cxd4 Qb7 17. 0-0 0-0 18. Rfc1 Rfc8 19. Qe3 Rc4 20. Nd2 Rc7 21. Rxc7 Qxc7 22. Nb3 Qd8 23. Rc1 Bg5 24. f4 Be7 25. Qc3 a5 26. bxa5 Bxa3 27. Ra1 Be7 28. axb6 Rxa1+ 29. Qxa1 Qxb6 30. Qa4 Nf8 31. Ne2 g5 32. fxg5 Bxg5 33. Kf2 Ng6 34. g3 Nxe5 35. Qe8+ Kg7 36. Nc5 Ng6 37. h4 Qd8 38. Qc6 Ne7 39. Qxe6 Bf6 40. Qg4+ Kh8 41. h5 Qc8 42. Qxc8+ Nxc8 43. Ke3 Nd6 44. g4 Kg7 45. Nf4 Nb5 46. Nb3 Bg5 47. Kf3 Bf6 48. Nxd5 Nxd4+ 49. Nxd4 Bxd4 50. Ke4 Bf6 51. Kf5 Bd8 52. g5 h6 53. g6 fxg6+ 54. hxg6 h5 55. Nf4 h4 56. Kg4 Be7 1/2-1/2